000 00610nam a2200229Ia 4500
003 OSt
005 20220918174312.0
006 a|||||r|||| 00| 0
007 ta
008 220917b |||||||| |||| 00| 0 eng d
024 _a11,544
037 _cTextual
040 _aARTS
_cARTS
_beng
041 _2eng
_aeng
082 _a/\2xM66:14, H8 (O44)
100 _aAbhedananda Swami
_910500
245 0 _aIntroduction to the philosophy of Panchadasi
260 _c1948
650 _aSPIRITUALISM
942 _h/\2xM66:14, H8 (O44)
_cTEXL
_2CC
999 _c152635
_d152635